000 00909nam a22002057a 4500
999 _c80902
_d80902
008 201130b ||||| |||| 00| 0 eng d
040 _bger
_cDE-2950
_erda
_aDE-2950
041 _ager
100 _aMatschkowiak, René:
245 _aAusstellung über Zvi Aharoni eröffnet und geschlossen.
_bCorona: Im Museum Viadrina in Frankfurt (Oder) wurde die Schau über das Leben des Mossad-Agenten gestaltet. Sie war vorerst nur einen Tag zu sehen.
_cRené Matschkowiak
653 _aAharoni, Ṣevî; Geheimagent, 1921-2012
653 _aArendt, Hermann ; Aharoni, Zvi ; Aronheim, Hermann [weitere Namen]
653 _aMuseum Viadrina
653 _aAusstellung
773 _dFrankfurt (Oder): Märkisches Verlags- und Druckhaus GmbH & Co KG
_g32. Jahrgang (2021) Nr. 78 vom 03/.04.04.2021, S. 18
_tMärkische Oderzeitung
942 _cA